000 00648nam a22001817a 4500
003 OSt
005 20250730053952.0
008 250730b |||||||| |||| 00| 0 eng d
040 _aDWCL-Main lib
_cOC
082 _aSC. 270.69 H294s 2004
100 _aHarper, Anna Maria L.
245 _aSanta Cruz church :
_ba living heritage/
_cAnna Maria L. Harper
260 _aSta. Cruz, Manila :
_bSta. Cruz Parish Pastoral Council,
_c2004.
300 _a149 pages :
_b illustrations (some color) ;
_c31 cm.
650 _a1. Santa Cruz church (Manila, Philippines)--History
650 _a2. Manila (Philippines)--Church history.
942 _2ddc
_cSC
_kSC.
_n0
999 _c3897
_d3897